[Event "BCF-chT3W 2324 (4NCL)"]
[Site "England"]
[Date "2024.05.04"]
[Round "9.52"]
[White "Weersing, Abigail Riis"]
[Black "Edwards Wright, Miles D"]
[Result "0-1"]
[WhiteElo "1971"]
[BlackElo "2052"]
[PlyCount "124"]
[EventDate "2023.11.18"]
[EventType "team-tourn"]
[EventRounds "11"]
[EventCountry "ENG"]
[SourceTitle "EXT 2025"]
[Source "ChessBase"]
[SourceDate "2024.10.14"]
[SourceVersion "1"]
[SourceVersionDate "2024.10.14"]
[SourceQuality "1"]
[WhiteTeam "She Plays To Win Lionesses"]
[BlackTeam "Chessable White Rose III"]
[WhiteTeamCountry "ENG"]
[BlackTeamCountry "ENG"]

1. d4 g6 2. c4 Bg7 3. Nc3 d6 4. e4 Nc6 5. d5 Nd4 6. Nge2 Nxe2 7. Bxe2 Bxc3+ 8. bxc3 Nf6 9. f3 e5 10. 0-0 h6 11. c5 g5 12. Bb5+ Bd7 13. Qb3 b6 14. cxd6 cxd6 15. Ba3 Qc7 16. Rfd1 Bxb5 17. Qxb5+ Ke7 18. c4 Nd7 19. Rac1 Rhc8 20. Qb2 Nc5 21. Qf2 Rg8 22. Qg3 Rg6 23. Rb1 Rag8 24. Bb2 Nd7 25. Rbc1 Qc5+ 26. Kh1 Rf6 27. Rc2 g4 28. Bc1 Qa5 29. Be3 Qa3 30. f4 Qa4 31. Rdc1 Rgg6 32. Rf2 Qa3 33. fxe5 dxe5 34. Bf4 Qxg3 35. Bxg3 Rxf2 36. Bxf2 Kd6 37. Rc3 Rf6 38. Kg1 Rf4 39. Be3 Rxe4 40. Bxh6 f5 41. Kf2 f4 42. g3 Rd4 43. Ke2 Ke7 44. Bg5+ Kf7 45. Ra3 a5 46. Rc3 a4 47. Rc2 Kg6 48. Bd8 Kf5 49. Be7 Ke4 50. gxf4 exf4 51. Bh4 Ne5 52. Bf2 Rxc4 53. Rxc4+ Nxc4 54. d6 Nxd6 55. Bxb6 Nb5 56. Kf2 Kd3 57. Bd8 Nc3 58. Bc7 Ne4+ 59. Kf1 Ke3 60. Bb6+ Kf3 61. Kg1 Ke2 62. h3 g3 0-1

[Event "BCF-chT 2324 (4NCL)"]
[Site "England"]
[Date "2024.03.17"]
[Round "8.8"]
[White "Steil Antoni, Fiona"]
[Black "Edwards Wright, Miles D"]
[Result "1/2-1/2"]
[WhiteElo "2161"]
[BlackElo "1942"]
[PlyCount "57"]
[EventDate "2023.11.11"]
[EventType "team-tourn"]
[EventRounds "11"]
[EventCountry "ENG"]
[SourceTitle "EXT 2025"]
[Source "ChessBase"]
[SourceDate "2024.10.14"]
[SourceVersion "1"]
[SourceVersionDate "2024.10.14"]
[SourceQuality "1"]
[WhiteTeam "Cheddleton"]
[BlackTeam "Chessable White Rose II"]
[WhiteTeamCountry "ENG"]
[BlackTeamCountry "ENG"]

1. e4 g6 2. d4 Bg7 3. Nc3 d6 4. f4 e6 5. Nf3 Ne7 6. Bd3 a6 7. Be3 d5 8. 0-0 dxe4 9. Bxe4 0-0 10. Ne2 Nd5 11. Bf2 c6 12. c3 Nd7 13. h3 Qc7 14. g3 N7b6 15. Kh2 Nc4 16. Qc1 Nd6 17. Bc2 a5 18. a4 b6 19. Ne5 f6 20. Nd3 Qd7 21. g4 Ba6 22. b3 Ne4 23. c4 Nxf2 24. Rxf2 Nc7 25. Qe3 Rae8 26. Rd1 Qe7 27. Ng3 b5 28. Nb2 bxc4 29. bxc4 1/2-1/2

[Event "BCF-chT3W 2223 (4NCL)"]
[Site "England"]
[Date "2023.01.15"]
[Round "4.55"]
[White "Flynn, David"]
[Black "Edwards Wright, Miles D"]
[Result "1-0"]
[WhiteElo "1915"]
[BlackElo "2051"]
[PlyCount "49"]
[EventDate "2022.10.22"]
[EventType "team-tourn"]
[EventRounds "11"]
[EventCountry "ENG"]
[SourceTitle "EXT 2024"]
[Source "ChessBase"]
[SourceDate "2023.10.10"]
[SourceVersion "1"]
[SourceVersionDate "2023.10.10"]
[SourceQuality "1"]
[WhiteTeam "Ashfield"]
[BlackTeam "Chessable White Rose III"]
[WhiteTeamCountry "ENG"]
[BlackTeamCountry "ENG"]

1. e4 g6 2. Nc3 Bg7 3. Bc4 c5 4. h4 h5 5. Qf3 e6 6. Nb5 d6 7. Qg3 Bf8 8. Qc3 Rh7 9. a4 a6 10. Na3 Bd7 11. Bb3 b5 12. Qg3 c4 13. Ba2 Nf6 14. d3 Be7 15. Nf3 d5 16. exd5 exd5 17. 0-0 Kf8 18. Bf4 Ne8 19. Rfe1 b4 20. Nb1 Qc8 21. dxc4 dxc4 22. Nbd2 b3 23. cxb3 c3 24. bxc3 Nc6 25. Nc4 1-0

[Event "BCF-chT3W 2223 (4NCL)"]
[Site "England"]
[Date "2022.10.23"]
[Round "2.51"]
[White "Chauhan, Pranay"]
[Black "Edwards Wright, Miles D"]
[Result "0-1"]
[WhiteElo "2058"]
[BlackElo "2051"]
[PlyCount "64"]
[EventDate "2022.10.22"]
[EventType "team-tourn"]
[EventRounds "11"]
[EventCountry "ENG"]
[SourceTitle "EXT 2024"]
[Source "ChessBase"]
[SourceDate "2023.10.10"]
[SourceVersion "1"]
[SourceVersionDate "2023.10.10"]
[SourceQuality "1"]
[WhiteTeam "Barnet Knights II"]
[BlackTeam "Chessable White Rose III"]
[WhiteTeamCountry "ENG"]
[BlackTeamCountry "ENG"]

1. Nf3 b6 2. g3 Bb7 3. Bg2 g6 4. 0-0 Bg7 5. c4 c5 6. Nc3 e6 7. e3 Ne7 8. d4 0-0 9. b3 d5 10. cxd5 Nxd5 11. Nxd5 Bxd5 12. Bb2 Nc6 13. Qd2 cxd4 14. exd4 Rc8 15. Rfd1 Qf6 16. Ne5 Bxg2 17. Kxg2 Nxe5 18. dxe5 Qf5 19. Qe3 Rc2 20. Ba3 Rfc8 21. Bd6 R8c3 22. Qe1 Qf3+ 23. Kg1 Re2 24. Qxe2 Qxe2 25. Bb4 Rd3 26. Re1 Qg4 27. Bd6 Bf8 28. Bb8 Bc5 29. Rac1 Rxg3+ 30. hxg3 Qxg3+ 31. Kh1 Bxf2 32. Re3 Bxe3 0-1

[Event "BCF-chT3N 1819 (4NCL)"]
[Site "England"]
[Date "2019.03.17"]
[Round "8.16"]
[White "Edwards Wright, Miles D"]
[Black "Wilson, Jeff"]
[Result "1-0"]
[WhiteElo "1915"]
[BlackElo "1427"]
[PlyCount "43"]
[EventDate "2018.11.10"]
[EventType "team-swiss"]
[EventRounds "11"]
[EventCountry "ENG"]
[SourceTitle "EXT 2021"]
[Source "ChessBase"]
[SourceDate "2020.10.23"]
[SourceVersion "1"]
[SourceVersionDate "2020.10.23"]
[SourceQuality "1"]
[WhiteTeam "White Rose II"]
[BlackTeam "Manchester Manticores IV"]
[WhiteTeamCountry "ENG"]
[BlackTeamCountry "ENG"]

1. e4 e5 2. Bc4 Nf6 3. d4 Nc6 4. Nf3 Bd6 5. 0-0 h6 6. dxe5 Bxe5 7. Nxe5 Nxe5 8. Bb3 d6 9. f4 Bg4 10. Qe1 Nc6 11. Nc3 Be6 12. Qg3 Bxb3 13. axb3 Rg8 14. e5 Nh5 15. Qf3 g6 16. Be3 f5 17. Rad1 Qh4 18. exd6 0-0-0 19. dxc7 Rxd1 20. Rxd1 Qg4 21. Qd5 Re8 22. Qd7# 1-0

[Event "BCF-chT3N 1819 (4NCL)"]
[Site "England"]
[Date "2018.11.10"]
[Round "1.66"]
[White "Edwards Wright, Miles D"]
[Black "Potter, Steven"]
[Result "1-0"]
[WhiteElo "1915"]
[BlackElo "1877"]
[PlyCount "97"]
[EventDate "2018.11.10"]
[EventType "team-swiss"]
[EventRounds "11"]
[EventCountry "ENG"]
[SourceTitle "EXT 2021"]
[Source "ChessBase"]
[SourceDate "2020.10.23"]
[SourceVersion "1"]
[SourceVersionDate "2020.10.23"]
[SourceQuality "1"]
[WhiteTeam "White Rose II"]
[BlackTeam "Manchester Manticores III"]
[WhiteTeamCountry "ENG"]
[BlackTeamCountry "ENG"]

1. b3 e6 2. Bb2 Nf6 3. e3 g6 4. f4 Bg7 5. Nf3 b6 6. c4 Bb7 7. d4 0-0 8. Bd3 d5 9. Nc3 Ne4 10. Bxe4 dxe4 11. Ng5 h6 12. Ngxe4 Qh4+ 13. g3 Qh3 14. Qe2 f5 15. Nf2 Qg2 16. Kd2 Na6 17. Rhg1 Qxh2 18. g4 c5 19. d5 exd5 20. Rh1 Qg2 21. Rag1 d4 22. Rxg2 dxc3+ 23. Bxc3 Bxg2 24. Rg1 Rad8+ 25. Kc2 Be4+ 26. Nxe4 fxe4 27. a3 Bxc3 28. Kxc3 Rd3+ 29. Kc2 Rfd8 30. Re1 Nb4+ 31. axb4 cxb4 32. Rc1 a5 33. Qe1 a4 34. bxa4 b3+ 35. Kb1 Rd2 36. Qh1 R8d3 37. Qxe4 Kg7 38. g5 h5 39. Qe7+ Kg8 40. Qe6+ Kh7 41. Qf7+ Kh8 42. Qf8+ Kh7 43. Qh6+ Kg8 44. Qxg6+ Kf8 45. Qxh5 b2 46. Rh1 Ra3 47. Qh8+ Ke7 48. Rh7+ Ke6 49. Qe5# 1-0

[Event "BCF-chT3N 1314 (4NCL)"]
[Site "England"]
[Date "2014.02.09"]
[Round "6.115"]
[White "Mulleady, Peter J"]
[Black "Edwards Wright, Miles D"]
[Result "0-1"]
[WhiteElo "1903"]
[BlackElo "1926"]
[PlyCount "84"]
[EventDate "2013.11.16"]
[EventType "team-swiss"]
[EventRounds "6"]
[EventCountry "ENG"]
[SourceTitle "EXT 2015"]
[Source "ChessBase"]
[SourceDate "2014.11.20"]
[SourceVersion "1"]
[SourceVersionDate "2014.11.20"]
[SourceQuality "1"]
[WhiteTeam "Manchester Manticores II"]
[BlackTeam "Bradford DCA Knights III"]
[WhiteTeamCountry "ENG"]
[BlackTeamCountry "ENG"]

1. c4 g6 2. g3 Bg7 3. Bg2 d6 4. Nc3 c6 5. e4 e5 6. Nge2 Be6 7. d3 Ne7 8. Rb1 0-0 9. 0-0 f5 10. f4 Nd7 11. Kh1 Nf6 12. Be3 fxe4 13. Nxe4 Nxe4 14. Bxe4 d5 15. cxd5 cxd5 16. Bg2 d4 17. Bd2 Bxa2 18. Rc1 Bd5 19. fxe5 Bxg2+ 20. Kxg2 Qd5+ 21. Kg1 Rxf1+ 22. Qxf1 Rf8 23. Qg2 Qxe5 24. Nf4 Nc6 25. Re1 Qb5 26. Ne6 Re8 27. Qe4 Qe5 28. Qg4 Qd6 29. Nxg7 Rxe1+ 30. Bxe1 Kxg7 31. Bd2 Ne5 32. Qf4 Qf6 33. Qh6+ Kg8 34. Bb4 Nxd3 35. Qd2 Ne5 36. Kg2 Nc4 37. Qe2 Ne3+ 38. Kg1 Qf5 39. Be1 Qe4 40. b3 d3 41. Qf2 Nc2 42. Bd2 Nd4 0-1

[Event "BCF-chT3N 1314 (4NCL)"]
[Site "England"]
[Date "2014.02.08"]
[Round "5.95"]
[White "Edwards Wright, Miles D"]
[Black "Williamson, Roger G"]
[Result "1/2-1/2"]
[WhiteElo "1926"]
[BlackElo "2144"]
[PlyCount "55"]
[EventDate "2013.11.16"]
[EventType "team-swiss"]
[EventRounds "6"]
[EventCountry "ENG"]
[SourceTitle "EXT 2015"]
[Source "ChessBase"]
[SourceDate "2014.11.20"]
[SourceVersion "1"]
[SourceVersionDate "2014.11.20"]
[SourceQuality "1"]
[WhiteTeam "Bradford DCA Knights III"]
[BlackTeam "Ferry Cross the Maroczy"]
[WhiteTeamCountry "ENG"]
[BlackTeamCountry "ENG"]

1. b3 e5 2. Bb2 Nc6 3. e3 Nf6 4. Bb5 Bd6 5. Na3 a6 6. Bxc6 dxc6 7. Nc4 Qe7 8. Nxd6+ cxd6 9. Ne2 0-0 10. Ng3 c5 11. 0-0 Ne8 12. f4 f6 13. Qf3 Be6 14. d4 exd4 15. exd4 Qf7 16. c4 Rb8 17. dxc5 dxc5 18. Ne4 b6 19. f5 Bc8 20. Qf4 Rb7 21. Rad1 Rd7 22. g4 Bb7 23. Bc1 Qe7 24. Nc3 Nc7 25. Qg3 Rd4 26. Bf4 Rc8 27. Bd6 Qd7 28. Ne2 1/2-1/2

[Event "BCF-chT3N 1314 (4NCL)"]
[Site "England"]
[Date "2013.11.16"]
[Round "1.105"]
[White "Edwards Wright, Miles D"]
[Black "White, Mark"]
[Result "0-1"]
[WhiteElo "1936"]
[BlackElo "2081"]
[PlyCount "98"]
[EventDate "2013.11.16"]
[EventType "team-swiss"]
[EventRounds "6"]
[EventCountry "ENG"]
[SourceTitle "CBM 157 Extra"]
[Source "ChessBase"]
[SourceDate "2013.12.19"]
[SourceVersion "1"]
[SourceVersionDate "2013.12.19"]
[SourceQuality "1"]
[WhiteTeam "Bradford DCA Knights III"]
[BlackTeam "Jorvik"]
[WhiteTeamCountry "ENG"]
[BlackTeamCountry "ENG"]

1. b3 e5 2. Bb2 d6 3. e3 Nf6 4. g3 Be7 5. Bg2 Nc6 6. Ne2 Bg4 7. h3 Be6 8. Nbc3 d5 9. d4 exd4 10. Nxd4 Nxd4 11. Qxd4 c6 12. Ne2 Qb6 13. 0-0 Qxd4 14. Nxd4 0-0 15. Nxe6 fxe6 16. Rad1 a5 17. Bc3 Bb4 18. Bb2 a4 19. a3 Be7 20. b4 c5 21. c3 Rfc8 22. Rc1 Rc7 23. Rfd1 Kf7 24. Kf1 g6 25. Ke2 Bf8 26. c4 cxb4 27. cxd5 Rxc1 28. Rxc1 Nxd5 29. axb4 a3 30. Ba1 Bxb4 31. Bxd5 exd5 32. Rc7+ Ke6 33. Rxb7 Bd6 34. f4 a2 35. Kd2 Ra3 36. Rb6 Kd7 37. Rb7+ Kc6 38. Rb2 Bc5 39. Rc2 Kb6 40. Kc1 Bxe3+ 41. Kb2 Ra8 42. Kb3 d4 43. Rxa2 Rxa2 44. Kxa2 Kc5 45. Kb3 Kd5 46. Bb2 Ke4 47. Ba3 Kf3 48. Bd6 d3 49. g4 d2 0-1

[Event "BCF-ch Major op"]
[Site "North Shields"]
[Date "2012.07.30"]
[Round "7.45"]
[White "Hagesaether, Arne"]
[Black "Edwards Wright, Miles D"]
[Result "1/2-1/2"]
[WhiteElo "2150"]
[BlackElo "1983"]
[PlyCount "54"]
[EventDate "2012.07.23"]
[EventType "swiss"]
[EventRounds "11"]
[EventCountry "ENG"]
[SourceTitle "EXT 2023"]
[Source "ChessBase"]
[SourceDate "2022.10.05"]
[SourceVersion "1"]
[SourceVersionDate "2022.10.05"]
[SourceQuality "1"]

1. Nf3 g6 2. d4 Bg7 3. g3 d6 4. Bg2 c6 5. 0-0 Nf6 6. c4 0-0 7. Nc3 Qc7 8. Bg5 e5 9. Qd2 Re8 10. Rfd1 Na6 11. Rac1 Nh5 12. b4 Nxb4 13. Nb5 cxb5 14. Qxb4 bxc4 15. dxe5 dxe5 16. Rxc4 Qb8 17. Be7 a5 18. Qb1 Bf5 19. e4 Bxe4 20. Qxe4 Rxe7 21. Bh3 Qf8 22. Rb1 f5 23. Qc2 Nf6 24. Rc7 Ne8 25. Rcxb7 Nf6 26. R7b6 Rd7 27. Ng5 h6 1/2-1/2

[Event "BCF-ch Major op"]
[Site "North Shields"]
[Date "2012.07.27"]
[Round "5.44"]
[White "Edwards Wright, Miles D"]
[Black "Henderson, David"]
[Result "1/2-1/2"]
[WhiteElo "1983"]
[BlackElo "2008"]
[PlyCount "67"]
[EventDate "2012.07.23"]
[EventType "swiss"]
[EventRounds "11"]
[EventCountry "ENG"]
[SourceTitle "EXT 2023"]
[Source "ChessBase"]
[SourceDate "2022.10.05"]
[SourceVersion "1"]
[SourceVersionDate "2022.10.05"]
[SourceQuality "1"]

1. b3 e5 2. Bb2 Nc6 3. e3 d6 4. f4 Nf6 5. Be2 Be7 6. Nf3 0-0 7. 0-0 e4 8. Ne1 d5 9. c3 Ne8 10. g4 f5 11. Ng2 fxg4 12. Bxg4 Bf6 13. Na3 Ne7 14. Nc2 c5 15. b4 b6 16. a4 Nd6 17. Ra2 Nc4 18. Ba1 Bxg4 19. Qxg4 Nxd2 20. Rd1 Nc4 21. bxc5 bxc5 22. Na3 Nxa3 23. Rxa3 Qd6 24. c4 d4 25. exd4 cxd4 26. Rg3 Rf7 27. f5 Qc5 28. Qxe4 Rd8 29. Nf4 Nxf5 30. Rgd3 Nd6 31. Qd5 Qxd5 32. Nxd5 Nxc4 33. Nxf6+ gxf6 34. Rxd4 1/2-1/2

[Event "BCF-ch Major op"]
[Site "North Shields"]
[Date "2012.07.24"]
[Round "2.45"]
[White "Kellett, Paul"]
[Black "Edwards Wright, Miles D"]
[Result "0-1"]
[WhiteElo "1776"]
[BlackElo "1983"]
[PlyCount "80"]
[EventDate "2012.07.23"]
[EventType "swiss"]
[EventRounds "11"]
[EventCountry "ENG"]
[SourceTitle "EXT 2023"]
[Source "ChessBase"]
[SourceDate "2022.10.05"]
[SourceVersion "1"]
[SourceVersionDate "2022.10.05"]
[SourceQuality "1"]

1. e4 g6 2. Nf3 Bg7 3. Bc4 d6 4. 0-0 a6 5. a4 e6 6. d4 b6 7. Bg5 Ne7 8. Nc3 h6 9. Be3 Nd7 10. Qd2 Bb7 11. d5 exd5 12. exd5 Nf5 13. Nd4 Nxe3 14. Qxe3+ Kf8 15. Rae1 Kg8 16. Re2 Kh7 17. Rfe1 Nf6 18. Nc6 Qd7 19. Qd2 Raf8 20. Re7 Qc8 21. Ne4 Ng8 22. Ng5+ hxg5 23. R7e3 Bxc6 24. Rh3+ Nh6 25. dxc6 g4 26. Rhe3 Nf5 27. Re4 Be5 28. Rxg4 Kg7 29. h3 Re8 30. Rge4 Bf6 31. Bxa6 Qd8 32. b4 Rxe4 33. Rxe4 Re8 34. Qe1 Rxe4 35. Qxe4 Qe7 36. Bd3 Qxe4 37. Bxe4 Bc3 38. Bxf5 gxf5 39. a5 bxa5 40. b5 Bd4 0-1

[Event "Buxton e2e4 op"]
[Site "Buxton"]
[Date "2012.07.01"]
[Round "5"]
[White "Surtees, Michael"]
[Black "Edwards Wright, Miles D"]
[Result "1-0"]
[WhiteElo "2113"]
[BlackElo "1995"]
[PlyCount "97"]
[EventDate "2012.06.29"]
[EventType "swiss"]
[EventRounds "5"]
[EventCountry "ENG"]
[SourceTitle "CBM 149 Extra"]
[Source "ChessBase"]
[SourceDate "2012.08.24"]
[SourceVersion "1"]
[SourceVersionDate "2012.08.24"]
[SourceQuality "1"]

1. e4 g6 2. d4 Bg7 3. c3 d6 4. Na3 a6 5. h4 h5 6. Nh3 b5 7. Nc2 Bb7 8. f3 Nd7 9. a4 c6 10. Be3 Ngf6 11. Be2 Qc7 12. Qd2 Nb6 13. b3 bxa4 14. bxa4 a5 15. Na3 0-0 16. Qc2 e5 17. dxe5 dxe5 18. Rb1 Nbd7 19. 0-0 Rfe8 20. Ng5 Nh7 21. Qb3 Nxg5 22. Qxb7 Ne6 23. Qxc7 Nxc7 24. Rb7 Rec8 25. Rd1 Nb8 26. Nc4 Nba6 27. Nxa5 Ne6 28. Nb3 Rab8 29. Bxa6 Rxb7 30. Bxb7 Rb8 31. Na5 Nd8 32. Nxc6 Nxc6 33. Bxc6 Rc8 34. Bb5 Rxc3 35. Rd8+ Kh7 36. Bd2 Ra3 37. a5 Bf6 38. Rd3 Ra1+ 39. Kf2 Bxh4+ 40. g3 Be7 41. Rd7 Bc5+ 42. Ke2 Kg7 43. Bc4 Rg1 44. Rxf7+ Kh8 45. Bg5 Rxg3 46. Bf6+ Kg8 47. Rg7+ Kh8 48. Rg8+ Kh7 49. Rh8# 1-0

[Event "Buxton e2e4 op"]
[Site "Buxton"]
[Date "2012.06.30"]
[Round "2"]
[White "Edwards Wright, Miles D"]
[Black "Bourne, Johnathan"]
[Result "0-1"]
[WhiteElo "1995"]
[BlackElo "2081"]
[PlyCount "74"]
[EventDate "2012.06.29"]
[EventType "swiss"]
[EventRounds "5"]
[EventCountry "ENG"]
[SourceTitle "CBM 149 Extra"]
[Source "ChessBase"]
[SourceDate "2012.08.24"]
[SourceVersion "1"]
[SourceVersionDate "2012.08.24"]
[SourceQuality "1"]

1. b3 e5 2. Bb2 d6 3. e3 Nf6 4. f4 exf4 5. exf4 Be7 6. Nf3 Bg4 7. Bd3 Nbd7 8. c4 c6 9. 0-0 Qb6+ 10. Bd4 Bxf3 11. Bxb6 Bxd1 12. Be3 Bh5 13. h3 h6 14. f5 Ne5 15. Bc2 Be2 16. d4 Bxf1 17. dxe5 Bxg2 18. Kxg2 dxe5 19. Nc3 0-0-0 20. a3 Rd7 21. b4 Rhd8 22. Kf3 Kb8 23. Rb1 b6 24. a4 Kb7 25. Ne4 Nxe4 26. Bxe4 Kc7 27. a5 Bg5 28. Bf2 Rd1 29. Rb3 R8d2 30. Bg3 Rf1+ 31. Kg4 Bf4 32. Kh5 Rd4 33. Bc2 Bxg3 34. Rxg3 Rff4 35. Rg4 Rxg4 36. hxg4 Rd2 37. Be4 Rh2# 0-1

[Event "BCF-chT2d 1112 (4NCL)"]
[Site "England"]
[Date "2012.04.01"]
[Round "8.38"]
[White "Edwards Wright, Miles D"]
[Black "Haydon, Richard"]
[Result "1/2-1/2"]
[WhiteElo "1995"]
[BlackElo "2173"]
[PlyCount "54"]
[EventDate "2011.11.12"]
[EventType "team-swiss"]
[EventRounds "11"]
[EventCountry "ENG"]
[SourceTitle "EXT 2013"]
[Source "ChessBase"]
[SourceDate "2012.11.22"]
[SourceVersion "1"]
[SourceVersionDate "2012.11.22"]
[SourceQuality "1"]
[WhiteTeam "Bradford DCA Knights"]
[BlackTeam "Brown Jack"]
[WhiteTeamCountry "ENG"]
[BlackTeamCountry "ENG"]

1. e4 g6 2. d4 c6 3. f4 Bg7 4. Nf3 d6 5. Bd3 d5 6. e5 Bg4 7. h3 Bxf3 8. Qxf3 e6 9. 0-0 Ne7 10. b3 Nd7 11. Ba3 Nf5 12. c3 h5 13. Nd2 Qb6 14. b4 Qc7 15. Nb3 b5 16. Bb2 Nb6 17. Nc5 Bf8 18. Rf2 a5 19. Ba3 Be7 20. g3 Nc4 21. Bxc4 dxc4 22. bxa5 Rxa5 23. Bb4 Ra7 24. a4 0-0 25. Rfa2 Rfa8 26. a5 Bxc5 27. dxc5 Ne7 1/2-1/2

[Event "BCF-chT2a 1112 (4NCL)"]
[Site "England"]
[Date "2012.03.31"]
[Round "7.28"]
[White "Redman, David J"]
[Black "Edwards Wright, Miles D"]
[Result "0-1"]
[WhiteElo "1804"]
[BlackElo "1995"]
[PlyCount "128"]
[EventDate "2011.11.12"]
[EventType "team-tourn"]
[EventRounds "7"]
[EventCountry "ENG"]
[SourceTitle "EXT 2013"]
[Source "ChessBase"]
[SourceDate "2012.11.22"]
[SourceVersion "1"]
[SourceVersionDate "2012.11.22"]
[SourceQuality "1"]
[WhiteTeam "Poisoned Pawns"]
[BlackTeam "Bradford DCA Knights"]
[WhiteTeamCountry "ENG"]
[BlackTeamCountry "ENG"]

1. d4 g6 2. b3 Bg7 3. Bb2 d6 4. g3 Nd7 5. Bg2 c6 6. e4 Qc7 7. Nc3 a6 8. f4 e6 9. Qd2 d5 10. exd5 cxd5 11. 0-0-0 Ne7 12. Re1 Qd6 13. Nh3 0-0 14. g4 b5 15. Rhg1 Bb7 16. Nd1 a5 17. Qe2 Ba6 18. f5 b4 19. Qf3 exf5 20. gxf5 Nxf5 21. Qxd5 Qxd5 22. Bxd5 Rac8 23. Kb1 Nxd4 24. Bxd4 Bxd4 25. Rg4 Bg7 26. Nf4 Nf6 27. Rg2 Kh8 28. Bf3 Bh6 29. Nd3 Bxd3 30. cxd3 Rc1+ 31. Kb2 Rfc8 32. d4 Bg7 33. Rd2 Bh6 34. Rde2 R1c7 35. Nf2 Rc3 36. Bb7 R8c7 37. Ne4 Nxe4 38. Bxe4 f5 39. Bd5 Bc1+ 40. Kb1 Kg7 41. Re7+ Rxe7 42. Rxe7+ Kf6 43. Re1 Be3 44. Rd1 Bf4 45. Bc4 Re3 46. d5 Bd6 47. Kc2 g5 48. Kd2 Re4 49. h3 Rd4+ 50. Kc2 Rxd1 51. Kxd1 h5 52. Ke2 Ke5 53. Ke3 g4 54. hxg4 hxg4 55. Kf2 f4 56. Ke2 f3+ 57. Kf2 Kf4 58. Kg1 Bc5+ 59. Kh1 g3 60. Bf1 Ke5 61. d6 Kxd6 62. a4 bxa3 63. b4 a2 64. bxc5+ Kxc5 0-1

[Event "BCF-chT2a 1112 (4NCL)"]
[Site "England"]
[Date "2012.02.12"]
[Round "6.5"]
[White "Onley, David E"]
[Black "Edwards Wright, Miles D"]
[Result "1-0"]
[WhiteElo "2099"]
[BlackElo "1995"]
[PlyCount "67"]
[EventDate "2011.11.12"]
[EventType "team-tourn"]
[EventRounds "7"]
[EventCountry "ENG"]
[SourceTitle "EXT 2013"]
[Source "ChessBase"]
[SourceDate "2012.11.22"]
[SourceVersion "1"]
[SourceVersionDate "2012.11.22"]
[SourceQuality "1"]
[WhiteTeam "FCA Solutions"]
[BlackTeam "Bradford DCA Knights"]
[WhiteTeamCountry "ENG"]
[BlackTeamCountry "ENG"]

1. e4 g6 2. d4 Bg7 3. Nc3 d6 4. Bc4 a6 5. a4 e6 6. Nf3 b6 7. 0-0 h6 8. h3 Ne7 9. Bb3 Nd7 10. Ne2 Bb7 11. Ng3 0-0 12. c3 Kh7 13. Qe2 c5 14. Rd1 Qc7 15. h4 e5 16. h5 Rae8 17. hxg6+ fxg6 18. Nh5 exd4 19. Nxg7 Kxg7 20. cxd4 d5 21. Qd2 Rh8 22. exd5 c4 23. d6 Qxd6 24. Bxc4 Nf5 25. d5 Nf6 26. b3 Ne4 27. Bb2+ Kh7 28. Qc2 Rhf8 29. Ba3 Nc5 30. b4 Ne4 31. b5 Nc5 32. bxa6 Bc8 33. Bb5 Re7 34. Rac1 1-0

[Event "GBR-ch Major 98th"]
[Site "Sheffield"]
[Date "2011.07.30"]
[Round "6"]
[White "Edwards Wright, Miles D"]
[Black "Pitcher, Thomas"]
[Result "0-1"]
[WhiteElo "1896"]
[BlackElo "2032"]
[PlyCount "77"]
[EventDate "2011.07.25"]
[EventType "swiss"]
[EventRounds "11"]
[EventCountry "ENG"]
[SourceTitle "EXT 2012"]
[Source "ChessBase"]
[SourceDate "2011.11.24"]
[SourceVersion "1"]
[SourceVersionDate "2011.11.24"]
[SourceQuality "1"]

1. e4 c6 2. d4 d5 3. e5 Bf5 4. Ne2 e6 5. Ng3 Bg6 6. h4 h6 7. h5 Bh7 8. Bd3 Bxd3 9. cxd3 Qb6 10. Qg4 Nd7 11. 0-0 0-0-0 12. Nc3 f5 13. Nxf5 exf5 14. Qxf5 Ne7 15. Qg4 g6 16. Na4 Qb4 17. Nc5 gxh5 18. Qh3 Qxd4 19. Ne6 Qg4 20. Qxg4 hxg4 21. Nxd8 Kxd8 22. d4 Nf5 23. Be3 Nb6 24. b3 Bb4 25. Rad1 Nd7 26. g3 Nf8 27. Rd3 Ne6 28. a3 Ba5 29. b4 Bb6 30. Rfd1 Kd7 31. a4 a5 32. bxa5 Bxa5 33. Rb3 Kc7 34. Kf1 h5 35. Ke2 h4 36. gxh4 Rxh4 37. Kd3 Rh3 38. Ke2 Nfxd4+ 39. Rxd4 0-1

[Event "BCF-chT2 1011 (4NCL) North"]
[Site "England"]
[Date "2011.03.27"]
[Round "8"]
[White "Edwards Wright, Miles D"]
[Black "Hague, Ben"]
[Result "0-1"]
[WhiteElo "1946"]
[BlackElo "2301"]
[PlyCount "82"]
[EventDate "2010.11.06"]
[EventType "team-swiss"]
[EventRounds "9"]
[EventCountry "ENG"]
[SourceTitle "EXT 2012"]
[Source "ChessBase"]
[SourceDate "2011.11.24"]
[SourceVersion "1"]
[SourceVersionDate "2011.11.24"]
[SourceQuality "1"]

1. g3 d5 2. Bg2 c6 3. d3 Nf6 4. a3 e5 5. Nc3 Bc5 6. Nf3 Qc7 7. e3 0-0 8. Nxe5 Qxe5 9. d4 Bxd4 10. Qxd4 Qh5 11. h3 Qg6 12. Qd2 Bf5 13. g4 Bxc2 14. f4 Qd3 15. Bf1 Qxd2+ 16. Bxd2 Nbd7 17. Rc1 Bb3 18. Be2 Rfe8 19. g5 Ne4 20. Nxe4 Rxe4 21. Bd3 Ree8 22. Rc3 Ba4 23. Kf2 c5 24. Bf5 b6 25. b3 Bc6 26. Rhc1 Nf8 27. b4 c4 28. e4 b5 29. exd5 Bxd5 30. Be3 a5 31. Bc5 axb4 32. axb4 g6 33. Bg4 Be4 34. Re1 Bd3 35. Rxe8 Rxe8 36. Ra3 Bf5 37. Bxf5 gxf5 38. Bxf8 Kxf8 39. Kf3 Re1 40. Kf2 Rb1 41. Ra8+ Kg7 0-1